[Event "Remote No Engine Nah email"]
[Site "Remote email"]
[Date "2013.06.29"]
[Round "?"]
[White "Guelker, Lorenz"]
[Black "Gemassmer, Holger"]
[Result "1-0"]
[WhiteElo "2121"]
[BlackElo "1602"]
[PlyCount "65"]
[EventDate "2013.??.??"]
[EventType "tourn (corr)"]
[EventRounds "6"]
[EventCountry "GER"]
[SourceTitle "Corr 2015"]
[Source "ChessBase"]
[SourceDate "2015.07.17"]
[SourceVersion "1"]
[SourceVersionDate "2015.07.17"]
[SourceQuality "1"]

1. d4 b5 2. Nf3 d5 3. e3 Na6 4. Bxb5+ Bd7 5. Bxa6 c6 6. 0-0 Qb6 7. Be2 e6 8. Nc3 Bd6 9. g3 Nf6 10. Ne5 Bc8 11. Nxc6 Qxc6 12. Bb5 Bb7 13. Bxc6+ Bxc6 14. Qd3 Ne4 15. Nb5 Bb4 16. Nc7+ Kd7 17. Nxa8 Rxa8 18. a3 Ba5 19. b4 Bb6 20. Qa6 Rb8 21. Qe2 Nc3 22. Qd3 Ne4 23. f3 Ng5 24. h4 Nh3+ 25. Kh2 a6 26. Kxh3 Bb5 27. Qd1 h6 28. Re1 Kd6 29. h5 Rg8 30. e4 e5 31. dxe5+ Kxe5 32. Bf4+ Kf6 33. Qxd5 1-0

[Event "Remote S7E Starter-45 email"]
[Site "Remote email"]
[Date "2013.05.16"]
[Round "?"]
[White "Gemassmer, Holger"]
[Black "Skowronek, Juergen"]
[Result "0-1"]
[WhiteElo "2000"]
[BlackElo "2107"]
[PlyCount "40"]
[EventDate "2013.??.??"]
[EventType "tourn (corr)"]
[EventRounds "6"]
[EventCountry "GER"]
[SourceTitle "Corr 2015"]
[Source "ChessBase"]
[SourceDate "2015.07.17"]
[SourceVersion "1"]
[SourceVersionDate "2015.07.17"]
[SourceQuality "1"]

1. d4 Nf6 2. Nf3 e6 3. c4 b6 4. g3 Ba6 5. e3 Bb4+ 6. Bd2 Be7 7. b4 0-0 8. b5 Bb7 9. Bd3 d5 10. Qb3 dxc4 11. Bxc4 Bxf3 12. 0-0 a6 13. Nc3 axb5 14. Bxb5 Nc6 15. Rae1 Ra3 16. Qb2 Qd7 17. e4 e5 18. Re3 Qh3 19. Rxf3 Ng4 20. Nd5 Qxh2# 0-1

[Event "Remote S7E Basic-65 email"]
[Site "Remote email"]
[Date "2013.05.15"]
[Round "?"]
[White "Gottwald, Bernhard"]
[Black "Gemassmer, Holger"]
[Result "1-0"]
[WhiteElo "1803"]
[BlackElo "2000"]
[PlyCount "63"]
[EventDate "2013.??.??"]
[EventType "tourn (corr)"]
[EventRounds "6"]
[EventCountry "GER"]
[SourceTitle "Corr 2015"]
[Source "ChessBase"]
[SourceDate "2015.07.17"]
[SourceVersion "1"]
[SourceVersionDate "2015.07.17"]
[SourceQuality "1"]

1. d4 d5 2. c4 dxc4 3. Nf3 e6 4. e4 Nc6 5. Bxc4 a6 6. 0-0 b5 7. Bb3 Nf6 8. e5 Nd5 9. Nc3 Ndb4 10. a3 Nd5 11. Bg5 f6 12. exf6 gxf6 13. Nxd5 fxg5 14. Re1 Bd6 15. Ne5 Nxe5 16. dxe5 Bc5 17. Nf6+ Ke7 18. Qh5 Qd4 19. Re2 h6 20. Qg6 Rf8 21. Rd1 Qf4 22. Ng8+ Rxg8 23. Qxg8 Bb7 24. Qg7+ Qf7 25. Rd7+ Kxd7 26. Qxf7+ Kc6 27. Qxe6+ Bd6 28. exd6 cxd6 29. Bd5+ Kb6 30. Qxd6+ Ka7 31. Re7 Rc8 32. Rxb7+ 1-0

[Event "Remote S5E No Engine-231 email"]
[Site "Remote email"]
[Date "2013.05.07"]
[Round "?"]
[White "Gemassmer, Holger"]
[Black "Milde, Lars"]
[Result "0-1"]
[WhiteElo "2000"]
[BlackElo "2275"]
[PlyCount "46"]
[EventDate "2013.??.??"]
[EventType "tourn (corr)"]
[EventRounds "4"]
[EventCountry "GER"]
[SourceTitle "Corr 2015"]
[Source "ChessBase"]
[SourceDate "2015.07.17"]
[SourceVersion "1"]
[SourceVersionDate "2015.07.17"]
[SourceQuality "1"]

1. d4 d5 2. Nc3 Nf6 3. g3 Bf5 4. e4 dxe4 5. Bb5+ c6 6. Bc4 e6 7. Nh3 Bxh3 8. Bg5 Bg2 9. Rg1 Bf3 10. Qd2 Be7 11. h4 Nbd7 12. Ne2 Ng4 13. b4 0-0 14. Bf4 Qb6 15. Rb1 Rfd8 16. Nc3 Nde5 17. Na4 Nxc4 18. Qc3 Qxd4 19. Qxd4 Rxd4 20. c3 Rd7 21. Nc5 Bxc5 22. bxc5 e5 23. Rb4 Rd1# 0-1

[Event "Remote S5E No Engine-231 email"]
[Site "Remote email"]
[Date "2013.05.07"]
[Round "?"]
[White "Pirs, Matjaz"]
[Black "Gemassmer, Holger"]
[Result "1-0"]
[WhiteElo "2558"]
[BlackElo "2000"]
[PlyCount "51"]
[EventDate "2013.??.??"]
[EventType "tourn (corr)"]
[EventRounds "4"]
[EventCountry "GER"]
[SourceTitle "Corr 2015"]
[Source "ChessBase"]
[SourceDate "2015.07.17"]
[SourceVersion "1"]
[SourceVersionDate "2015.07.17"]
[SourceQuality "1"]

1. e4 Nf6 2. e5 Ne4 3. d3 c5 4. dxe4 Nc6 5. f4 h5 6. Nf3 Rh6 7. Bc4 d6 8. Ng5 Bg4 9. Bxf7+ Kd7 10. Qd3 Qa5+ 11. Bd2 Nb4 12. Qb3 Qb5 13. Nc3 Qc6 14. h3 Bf5 15. exf5 Rb8 16. 0-0-0 b5 17. Nce4 g6 18. Bxb4 cxb4 19. exd6 gxf5 20. dxe7+ Kxe7 21. Qxb4+ Rd6 22. Nxd6 Kd7 23. Nxb5+ Kc8 24. Qxf8+ Kb7 25. Qe7+ Ka8 26. Qxa7# 1-0

[Event "Remote S5E No Engine-231 email"]
[Site "Remote email"]
[Date "2013.05.07"]
[Round "?"]
[White "Witt, Monika"]
[Black "Gemassmer, Holger"]
[Result "1-0"]
[WhiteElo "1541"]
[BlackElo "2000"]
[PlyCount "51"]
[EventDate "2013.??.??"]
[EventType "tourn (corr)"]
[EventRounds "4"]
[EventCountry "GER"]
[SourceTitle "Corr 2015"]
[Source "ChessBase"]
[SourceDate "2015.07.17"]
[SourceVersion "1"]
[SourceVersionDate "2015.07.17"]
[SourceQuality "1"]

1. e4 e5 2. Nf3 d6 3. h3 Nf6 4. Nc3 c5 5. d3 Nc6 6. a3 d5 7. Bg5 Qa5 8. Bxf6 gxf6 9. Be2 d4 10. b4 Nxb4 11. 0-0 Be6 12. axb4 Qxb4 13. Na2 Qa3 14. Qb1 b5 15. Qxb5+ Ke7 16. Qb7+ Bd7 17. Qxa8 Rg8 18. Qd5 Bxh3 19. Qb7+ Ke6 20. Nh4 Qb2 21. Qc8+ Ke7 22. Qc7+ Bd7 23. Nf5+ Ke6 24. Qxa7 Qxc2 25. Qa6+ Bd6 26. Qxd6# 1-0